Augusto / (Record no. 80765)

MARC details
000 -LEADER
campo de control de longitud fija 00807nam a2200253 i 4500
001 - NÚMERO DE CONTROL
campo de control 80765
003 - IDENTIFICADOR DE NÚMERO DE CONTROL
campo de control ES-MaACL
005 - FECHA Y HORA DE LA ÚLTIMA TRANSACCIÓN
campo de control 20230906174307.0
007 - CAMPO FIJO DE DESCRIPCIÓN FÍSICA--INFORMACIÓN GENERAL
campo de control de longitud fija t|
008 - DATOS DE LONGITUD FIJA--INFORMACIÓN GENERAL
campo de control de longitud fija 041029s1949 sp ||||1| spa d
100 1# - ENTRADA PRINCIPAL--NOMBRE DE PERSONA
Nombre de persona Homo, Léon.
9 (RLIN) 64118
245 10 - MENCIÓN DEL TÍTULO
Título Augusto /
Mención de responsabilidad, etc. Léon Homo ; [traducción del francés por Irene Andresco ; revisada por Miguel Dolç].
250 ## - MENCION DE EDICION
Mención de edición 1ª ed.
260 ## - PUBLICACIÓN, DISTRIBUCIÓN, ETC.
Lugar de publicación, distribución, etc. Barcelona :
Nombre del editor, distribuidor, etc. Destino,
Fecha de publicación, distribución, etc. 1949 (
Fabricante Agustín Núñez)
300 ## - DESCRIPCIÓN FÍSICA
Extensión 314 p., 65 lám. ;
Dimensiones 22 cm.
490 1# - MENCIÓN DE SERIE
Mención de serie Ser o no ser
600 04 - PUNTO DE ACCESO ADICIONAL DE MATERIA--NOMBRE DE PERSONA
Nombre de persona Augusto
Títulos y otros términos asociados al nombre Emperador de Roma.
9 (RLIN) 165318
651 #4 - PUNTO DE ACCESO ADICIONAL DE MATERIA--NOMBRE GEOGRÁFICO
Nombre geográfico Roma-
Subdivisión general Historia-
Subdivisión cronológica 30 a.C.-14 d.C., Augusto.
9 (RLIN) 172285
700 1# - ENTRADA AGREGADA--NOMBRE PERSONAL
Nombre de persona Andresco, Irene.
9 (RLIN) 21625
700 1# - ENTRADA AGREGADA--NOMBRE PERSONAL
Nombre de persona Dolç, Miguel.
9 (RLIN) 45012
830 1# - PUNTO DE ACCESO ADICIONAL DE SERIE-TÍTULO UNIFORME
Título uniforme Ser o no ser
9 (RLIN) 181425
852 ## - LOCALIZACIÓN
Ubicación ES-MaACL
Número de control de estantería B-2250
Holdings
Estatus retirado Estado de pérdida Estado de daño No para préstamo Biblioteca de origen Biblioteca actual Ubicación en estantería Fecha de adquisición Fuente de adquisición Total de préstamos Signatura topográfica completa Código de barras Visto por última vez Precio de reemplazo Tipo de ítem Koha
        Biblioteca del Ateneo de Madrid Biblioteca del Ateneo de Madrid Sala Pardo Bazán 17/01/2008     B-2250 1084439 23/02/2023 23/02/2023 Libro impreso